Les 10 mangas les plus vendues au monde - Statistiques

Statistiques générales
  • Ce quiz a été pris 254 fois
  • Le résultat moyen est 4 sur 10
Statistiques - réponses
Vendus Manga % Correct
516,6 millions One Piece
98%
260 millions Naruto
97%
300 millions Dragon Ball
88%
150 millions Demon Slayer
54%
270 millions Détective Conan
33%
185 millions Slam Dunk
18%
300 millions Doraemon
10%
300 millions Golgo 13
7%
148 millions Crayon Shin Chan
3%
156,5 millions KochiKame
3%
Aucun quiz correspondant
Distribution des résultats
% des personnes avec chaque résultat
Percentile par nombre de réponses
Votre historique - résultats
Vous n’avez pas pris ce quiz